Green Microwave‐Assisted Extraction of Euphorbia guyoniana Optimization, Metabolite Profile, and In Vivo Anti‐Inflammatory Potential /

This study aimed to optimize microwave‐assisted extraction of phenolic compounds from the undervalued traditional plant Euphorbia guyoniana (Boiss. & Reut.) using the central composite design of response surface methodology. The independent variables were extraction time, ethanol concentration i...

Teljes leírás

Elmentve itt :
Bibliográfiai részletek
Szerzők: Issaadi Halima Meriem
Nait Bachir Yacine
Ben Naama Alaeddine
Aiter Imad
Szőri Kornél
Hunyadi Attila
Dokumentumtípus: Cikk
Megjelent: 2025
Sorozat:CHEMISTRY & BIODIVERSITY 22 No. 12
Tárgyszavak:
doi:10.1002/cbdv.202501804

mtmt:36367684
Online Access:http://publicatio.bibl.u-szeged.hu/38702
LEADER 02480nab a2200277 i 4500
001 publ38702
005 20260115131337.0
008 260115s2025 hu o 000 eng d
022 |a 1612-1872 
024 7 |a 10.1002/cbdv.202501804  |2 doi 
024 7 |a 36367684  |2 mtmt 
040 |a SZTE Publicatio Repozitórium  |b hun 
041 |a eng 
100 1 |a Issaadi Halima Meriem 
245 1 0 |a Green Microwave‐Assisted Extraction of Euphorbia guyoniana   |h [elektronikus dokumentum] :  |b Optimization, Metabolite Profile, and In Vivo Anti‐Inflammatory Potential /  |c  Issaadi Halima Meriem 
260 |c 2025 
300 |a 13 
490 0 |a CHEMISTRY & BIODIVERSITY  |v 22 No. 12 
520 3 |a This study aimed to optimize microwave‐assisted extraction of phenolic compounds from the undervalued traditional plant Euphorbia guyoniana (Boiss. & Reut.) using the central composite design of response surface methodology. The independent variables were extraction time, ethanol concentration in the extractive solvent, microwave power, and feed‐to‐solvent ratio while the dependent variables were total phenolic content (TPC) and total flavonoid content (TFC). Extract obtained by using the optimal extraction parameters was evaluated for its in vivo anti‐inflammatory activity by the carrageenan‐induced paw edema model and was subjected to RP–HPLC–PDA–ESI–MS analysis to investigate the presence of phenolic compounds. The optimal conditions for highest TPC (377.22 ± 5.42 mg GAE/g) and TFC (184.40 ± 1.18 mg QE/g) were obtained at an extraction time of 25 min, an ethanol concentration of 40.57%, a microwave power of 450 W and a feed‐to‐solvent ratio of 1:17.5. Optimal extract of E. guyoniana significantly higher inhibited carrageenan‐induced inflammation with a concentration of 50 mg/kg (79.37%) when compared with the reference anti‐inflammatory drug ibuprofen (43.06%). Finally, above the previously reported phenolic constituents, that is, quercetin and kaempferol derivatives, hydroxycinnamates have been identified for the first time in E. guyoniana plant extract. 
650 4 |a Általános orvostudomány 
700 0 2 |a Nait Bachir Yacine  |e aut 
700 0 2 |a Ben Naama Alaeddine  |e aut 
700 0 2 |a Aiter Imad  |e aut 
700 0 2 |a Szőri Kornél  |e aut 
700 0 2 |a Hunyadi Attila  |e aut 
856 4 0 |u http://publicatio.bibl.u-szeged.hu/38702/1/ChemistryBiodiversity-2025-Issaadi-GreenMicrowaveAssistedExtractionofEuphorbiaguyonianaOptimization.pdf  |z Dokumentum-elérés